Statistics for French Prime Ministers

Click here to take the quiz!

General Stats

  • This quiz has been taken 122 times
  • The average score is 18 of 25

Answer Stats

PresidentPrime Minister% Correct
Emmanuel MacronElisabeth Borne
95%
François MitterrandJacques Chirac
94%
Valéry Giscard d'EstaingJacques Chirac
94%
Emmanuel MacronEdouard Philippe
92%
François HollandeManuel Valls
89%
Emmanuel MacronJean Castex
87%
Nicolas SarkozyFrançois Fillon
86%
Charles De GaulleGeorges Pompidou
84%
Jacques ChiracLionel Jospin
81%
François HollandeJean-Marc Ayrault
76%
François HollandeBernard Cazeneuve
75%
François MitterrandEdith Cresson
73%
Jacques ChiracAlain Juppe
72%
Jacques ChiracDominique de Villepin
71%
François MitterrandEdouard Balladur
67%
Georges PompidouJacques Chaban-Delmas
63%
François MitterrandLaurent Fabius
60%
Charles De GaulleMichel Debré
60%
François MitterrandMichel Rocard
59%
Jacques ChiracJean-Pierre Raffarin
57%
François MitterrandPierre Beregovoy
55%
François MitterrandPierre Mauroy
53%
Valéry Giscard d'EstaingRaymond Barre
49%
Charles De GaulleMaurice Couve de Murville
40%
Georges PompidouPierre Messmer
36%

Score Distribution

Percentile by Number Answered

Percent of People with Each Score

Your Score History

You have not taken this quiz